<?xml version="1.0" encoding="UTF-8"?>
<record
    xmlns:xsi="http://www.w3.org/2001/XMLSchema-instance"
    xsi:schemaLocation="http://www.loc.gov/MARC21/slim http://www.loc.gov/standards/marcxml/schema/MARC21slim.xsd"
    xmlns="http://www.loc.gov/MARC21/slim">

  <leader>01627nam a22001697a 4500</leader>
  <controlfield tag="008">120807t        xxu||||| |||| 00| 0 eng d</controlfield>
  <datafield tag="020" ind1=" " ind2=" ">
    <subfield code="a">0132279584</subfield>
  </datafield>
  <datafield tag="050" ind1=" " ind2=" ">
    <subfield code="a">QA76.73.B3 D46</subfield>
  </datafield>
  <datafield tag="100" ind1=" " ind2=" ">
    <subfield code="a">Deitel, H.M.</subfield>
  </datafield>
  <datafield tag="245" ind1=" " ind2=" ">
    <subfield code="a">Visual basic 2005: how to program. /</subfield>
    <subfield code="c">Harvey M. Deitel and Paul J. Deitel</subfield>
  </datafield>
  <datafield tag="260" ind1=" " ind2=" ">
    <subfield code="a">New Jersey:</subfield>
    <subfield code="b">Prentice-hall,</subfield>
    <subfield code="c">2006.</subfield>
  </datafield>
  <datafield tag="300" ind1=" " ind2=" ">
    <subfield code="a">xl,1513 p.:</subfield>
    <subfield code="b">ill.;</subfield>
    <subfield code="c">24cm.</subfield>
  </datafield>
  <datafield tag="505" ind1=" " ind2=" ">
    <subfield code="a">Contents: Introduction to computers, the Internet and Visual basic -- Introduction to the visual basic express 2005 IED -- Introduction to visual basic programming -- Introduction to classes and objects -- Control statements -- Control statements -- Methods : A Deeper look -- Arrays -- Classes and objects: A deeper look -- Object oriented programming: Inheritance -- Object-oriented programming: Polymorphism -- Exception handling -- Graphical user interface concepts -- Graphical user interface concepts -- Multithreading -- Strings, characteristics and regular expressions -- Graphics and multimedia -- Files and streams -- Extensible markup language -- Database, SQL and ADO.NET -- ASP.NET 2.0 Web forms and web controls -- Web services -- Networking: streams-based sockets and datagrams -- Data structures -- Generics -- Collections -- Operator precedence chart -- Number systems -- Using the visual studio 2005 debugger -- ASCII Chaaracter set -- Unicode -- Introduction to XHTML -- Introduction to XHTML -- XHTML special characters -- XHTML colors -onal diagram types- ATM case study code -- UML 2: Addititional diagram types -- Primitive types.</subfield>
  </datafield>
  <datafield tag="650" ind1=" " ind2=" ">
    <subfield code="a">Programming</subfield>
  </datafield>
  <datafield tag="700" ind1=" " ind2=" ">
    <subfield code="a">Deitel, P.J.</subfield>
  </datafield>
  <datafield tag="942" ind1=" " ind2=" ">
    <subfield code="2">lcc</subfield>
    <subfield code="c">BK</subfield>
  </datafield>
  <datafield tag="999" ind1=" " ind2=" ">
    <subfield code="c">1937</subfield>
    <subfield code="d">9437</subfield>
  </datafield>
  <datafield tag="952" ind1=" " ind2=" ">
    <subfield code="0">0</subfield>
    <subfield code="1">0</subfield>
    <subfield code="2">lcc</subfield>
    <subfield code="4">0</subfield>
    <subfield code="7">0</subfield>
    <subfield code="a">WIUC-1</subfield>
    <subfield code="b">WIUC-1</subfield>
    <subfield code="c">GEN</subfield>
    <subfield code="d">2012-08-07</subfield>
    <subfield code="l">0</subfield>
    <subfield code="o">QA76.73.B3 D46</subfield>
    <subfield code="p">5393/12</subfield>
    <subfield code="r">2012-08-07 00:00:00</subfield>
    <subfield code="t">1</subfield>
    <subfield code="w">2012-08-07</subfield>
    <subfield code="y">BK</subfield>
  </datafield>
  <datafield tag="952" ind1=" " ind2=" ">
    <subfield code="0">0</subfield>
    <subfield code="1">0</subfield>
    <subfield code="2">lcc</subfield>
    <subfield code="4">0</subfield>
    <subfield code="7">0</subfield>
    <subfield code="a">WIUC-1</subfield>
    <subfield code="b">WIUC-1</subfield>
    <subfield code="c">GEN</subfield>
    <subfield code="d">2012-08-07</subfield>
    <subfield code="l">0</subfield>
    <subfield code="o">QA76.73.B3 D461</subfield>
    <subfield code="p">5394/12</subfield>
    <subfield code="r">2012-08-07 00:00:00</subfield>
    <subfield code="t">2</subfield>
    <subfield code="w">2021-04-14</subfield>
    <subfield code="y">BK</subfield>
  </datafield>
  <datafield tag="952" ind1=" " ind2=" ">
    <subfield code="0">0</subfield>
    <subfield code="1">0</subfield>
    <subfield code="2">lcc</subfield>
    <subfield code="4">0</subfield>
    <subfield code="7">0</subfield>
    <subfield code="a">WIUC-1</subfield>
    <subfield code="b">WIUC-1</subfield>
    <subfield code="c">GEN</subfield>
    <subfield code="d">2012-09-10</subfield>
    <subfield code="l">0</subfield>
    <subfield code="o">QA76.73.B3 D462</subfield>
    <subfield code="p">1907/12</subfield>
    <subfield code="r">2012-09-10 00:00:00</subfield>
    <subfield code="t">3</subfield>
    <subfield code="w">2012-09-10</subfield>
    <subfield code="y">BK</subfield>
  </datafield>
</record>
